箱根駅伝の各区間歴代上位5人 - Statistics

General Stats
  • This quiz has been taken 19 times
  • The average score is 26 of 50
Answer Stats
ヒント Answer % Correct
5区区間記録1:07:16(青山学院大学、102) 黒田朝日
87%
3区区間記録59:25(東京国際大学、96) イェゴン・ヴィンセント
80%
3区歴代2位59:47(青山学院大学、100) 太田蒼生
80%
4区区間記録1:00:00(東京国際大学、99) イェゴン・ヴィンセント
80%
4区歴代3位1:00:24(青山学院大学、101) 太田蒼生
80%
2区歴代2位1:05:31(東京国際大学、101) リチャード・エティーリ
73%
3区歴代4位1:00:13(駒澤大学、100) 佐藤圭汰
73%
7区区間記録1:00:43(駒澤大学、101) 佐藤圭汰
73%
10区区間記録1:07:31(駒澤大学、102) 佐藤圭汰
73%
1区歴代3位1:00:40(中央大学、98) 吉居大和
67%
5区歴代5位1:09:31(早稲田大学、101) 工藤慎作
67%
2区区間記録1:05:09(城西大学、102) ヴィクター・キムタイ
60%
2区歴代3位1:05:42(日本大学、102) シャドラック・キップケメイ
60%
2区歴代4位1:05:43(創価大学、101) 吉田響
60%
3区歴代3位1:00:08(中央大学、102) 本間颯
60%
5区歴代2位1:09:11(青山学院大学、101) 若林宏樹
60%
5区歴代3位1:09:14(城西大学、100) 山本唯翔
60%
6区区間記録56:47(青山学院大学、101) 野村昭夢
60%
6区歴代2位56:48(創価大学、102) 小池莉希
60%
7区歴代2位1:00:54(國學院大学、102) 高山豪起
60%
1区区間記録1:00:28(國學院大学、102) 青木瑠郁
53%
1区歴代2位1:00:37(中央大学、102) 藤田大智
53%
1区歴代4位1:00:43(東洋大学、102) 松井海斗
53%
3区歴代5位1:00:51(創価大学、101) スティーブン・ムチーニ
53%
4区歴代4位1:00:30(青山学院大学、96) 吉田祐也
53%
8区区間記録1:03:45(青山学院大学、102) 塩出翔太
53%
8区歴代2位1:03:49(東海大学、95) 小松陽平
53%
1区歴代5位1:00:45(中央学院大学、102) 近田陽路
47%
4区歴代2位1:00:01(早稲田大学、102) 鈴木琉胤
47%
4区歴代5位1:00:37(中央大学、102) 岡田開成
47%
5区歴代4位1:09:28(城西大学、102) 斎藤将也
47%
6区歴代3位56:50(駒澤大学、102) 伊藤蒼唯
47%
6区歴代5位57:17(東海大学、96) 館澤亨次
47%
2区歴代4位1:05:43(山梨学院大学、102) ブライアン・キピエゴ
40%
9区歴代3位1:07:38(青山学院大学、102) 佐藤有一
40%
10区歴代3位1:07:59(青山学院大学、102) 折田壮太
40%
10区歴代4位1:08:20(順天堂大学、102) 山本悠
40%
6区歴代4位57:15(青山学院大学、102) 石川浩輝
33%
7区歴代4位1:02:16(青山学院大学、94) 林奎介
33%
7区歴代5位1:02:21(國學院大学、101) 辻原輝
33%
8区歴代3位1:03:59(明治大学、97) 大保海士
33%
9区歴代5位1:07:53(國學院大学、102) 野田顕臣
33%
7区歴代3位1:01:40(明治大学、96) 阿部弘輝
27%
8区歴代4位1:04:01(國學院大学、102) 飯國新太
27%
8区歴代5位1:04:04(順天堂大学、102) 永原颯磨
27%
9区歴代2位1:07:27(青山学院大学、99) 岸本大紀
27%
9区歴代4位1:07:45(早稲田大学、102) 小平敦之
27%
10区歴代2位1:07:50(青山学院大学、98) 中倉啓敦
27%
10区歴代5位1:08:27(青山学院大学、101) 小河原陽琉
27%
9区区間記録1:07:15(青山学院大学、98) 中村唯翔
20%
No matching quizzes found
Score Distribution
Percent of People with Each Score
Percentile by Number Answered
Your Score History
You have not taken this quiz